| Record ID | ia:preachingbiblica0000clow |
| Source | Internet Archive |
| Download MARC XML | https://archive.org/download/preachingbiblica0000clow/preachingbiblica0000clow_marc.xml |
| Download MARC binary | https://www.archive.org/download/preachingbiblica0000clow/preachingbiblica0000clow_meta.mrc |
LEADER: 01000cam a2200325Ii 4500
001 ocm05814153
003 OCoLC
005 20200617075507.1
008 791219s1975 nju 000 0 eng d
040 $aMOG$beng$cMOG$dOCL$dOCLCQ$dOCLCF$dOCLCO$dRCT
035 $a(OCoLC)05814153
090 $aBS543$b.C5x
049 $aMAIN
100 1 $aClowney, Edmund Prosper.
245 10 $aPreaching and Biblical theology.
260 $aNutley, N.J. :$bPresbyterian and Reformed Pub. Co.,$c1975.
300 $a124 pages
336 $atext$btxt$2rdacontent
337 $aunmediated$bn$2rdamedia
338 $avolume$bnc$2rdacarrier
504 $aIncludes bibliographical references (pages 122-124).
590 $bArchive
630 00 $aBible$xTheology.
630 07 $aBible.$2fast$0(OCoLC)fst01356024
650 0 $aPreaching.
650 7 $aPreaching.$2fast$0(OCoLC)fst01074813
650 7 $aTheology.$2fast$0(OCoLC)fst01149559
776 1 $cOriginal$w(DLC)60053094
994 $a92$bCST
976 $a10017015886